[Event "GER-ch U25 op-B"]
[Site "Oberhof"]
[Date "2012.05.27"]
[Round "2"]
[White "Zyla, Lennert"]
[Black "Hageresch, Leon"]
[Result "1/2-1/2"]
[WhiteElo "1048"]
[BlackElo "1371"]
[PlyCount "53"]
[EventDate "2012.05.27"]
[EventType "swiss"]
[EventRounds "9"]
[EventCountry "GER"]
[SourceTitle "CBM 148 Extra"]
[Source "ChessBase"]
[SourceDate "2012.06.22"]
[SourceVersion "1"]
[SourceVersionDate "2012.06.22"]
[SourceQuality "1"]

1. e4 Nf6 2. e5 Nd5 3. d4 d6 4. Nf3 Bg4 5. Bc4 Nb6 6. Bxf7+ Kd7 7. 0-0 e6 8. h3 Qe7 9. hxg4 Qxf7 10. c4 h5 11. g5 h4 12. Qc2 h3 13. g6 Qg8 14. g3 Be7 15. Kh2 Nc6 16. exd6 cxd6 17. c5 Qf8 18. Ng1 Nxd4 19. Qe4 dxc5 20. Qxb7+ Ke8 21. a4 Bd6 22. a5 Rb8 23. Qe4 Nc8 24. Nd2 Qf5 25. Qxf5 exf5 26. Nc4 Nb3 27. Rb1 1/2-1/2

[Event "Lippe Cup-B 08th"]
[Site "Lieme"]
[Date "2011.10.30"]
[Round "4"]
[White "Hageresch, Leon"]
[Black "Nolte, Katharina"]
[Result "0-1"]
[WhiteElo "1338"]
[BlackElo "1480"]
[PlyCount "138"]
[EventDate "2011.10.28"]
[EventType "swiss"]
[EventRounds "5"]
[EventCountry "GER"]
[SourceTitle "EXT 2012"]
[Source "ChessBase"]
[SourceDate "2011.11.24"]
[SourceVersion "1"]
[SourceVersionDate "2011.11.24"]
[SourceQuality "1"]

1. d4 Nf6 2. c4 g6 3. Nc3 Bg7 4. e4 d6 5. Nf3 0-0 6. g3 e5 7. Bg2 Nbd7 8. 0-0 Nh5 9. Bg5 f6 10. Be3 f5 11. exf5 gxf5 12. Nxe5 dxe5 13. Qxh5 exd4 14. Bg5 Nf6 15. Bxf6 Qxf6 16. Nd5 Qd8 17. Rfd1 c6 18. Nf4 Qf6 19. Rd2 Be6 20. Re1 Bxc4 21. b3 Bf7 22. Qf3 Rad8 23. Ree2 Rfe8 24. Nh5 Bxh5 25. Qxh5 Rxe2 26. Rxe2 Qf7 27. Qxf7+ Kxf7 28. f4 d3 29. Rd2 Bc3 30. Rd1 d2 31. Kf2 Re8 32. Bf1 Re1 33. Be2 Rxd1 34. Bxd1 Ke6 35. Ke3 b5 36. Kd3 b4 37. Kc4 Kd6 38. Bf3 a5 39. Bd1 c5 40. Bf3 Bd4 41. h3 Bf2 42. g4 fxg4 43. Bxg4 Be3 44. f5 Ke5 45. h4 Kf4 46. Bd1 Kxf5 47. h5 Ke4 48. Be2 Bd4 49. Bg4 h6 50. Bd1 Ke3 51. Bg4 Kf2 52. Kd3 Ke1 53. Kc2 a4 54. bxa4 c4 55. a5 Bg1 56. a6 b3+ 57. axb3 cxb3+ 58. Kxb3 d1Q+ 59. Bxd1 Kxd1 60. Kc4 Ke2 61. Kd5 Kf3 62. Ke5 Kg4 63. Ke4 Kxh5 64. Kf4 Kh4 65. Kf3 Kh3 66. Kf4 h5 67. Kf5 Kg3 68. Kg5 h4 69. Kf5 h3 0-1